000 00502nam a22001937a 4500
003 OSt
005 20140310181757.0
008 130701t xxu||||| |||| 00| 0 eng d
020 _a9716301227
050 _aPS 9993
_b.F634 2000
082 _aFIL 809.892
_bF65 2000
100 _aFlores, Lin A.
245 _aThe Quarreling kites /
_cLin A. Flores.
260 _aFlores, Lin A.
_bTahanan Books
_c2000.
300 _a30 p.
_bcol. ill. ;
_c20 cm.
562 _e1
942 _2lcc
_cBK
999 _c3480
_d3480